00685cam a2200181 a 450000100100000000500170001000800410002704000250006808200190009310000360011224500680014826000520021630000260026865000300029465000340032495201300035899900150048800000105020200929145454.0850624s1935 mdua 001 0 eng  aDO-SdBNPbspacBNPHU a336.132bW187t1 aWall, John Furman,d1885-9362710aThoroughbred bloodlines :ban elementary study /cJohn F. Wall. aMaryland :bMonumental Printing Company,c1935. a1 v. :bil. ;c24 cm. 4aCrías de caballos93628 4aCaballos de pura sangre93629 001052758DSaBNPHUbBNPHUcHDd2009-09-22iLF1l0o336.132 W187tp1050-10r2020-06-25w2020-06-25yLF1ZPréstamo interno c1024d1024